LIBRARY & INFORMATION CENTRE, KCAET, TAVANUR

ONLINE PUBLIC ACCESS CATALOGUE (OPAC)

Normal view MARC view
  • AQUILA JABEEN, K. K

Entry Personal Name

Number of records used in: 1

001 - CONTROL NUMBER

  • control field: 5350

003 - CONTROL NUMBER IDENTIFIER

  • control field: OSt

005 - DATE AND TIME OF LATEST TRANSACTION

  • control field: 20221202115247.0

008 - FIXED-LENGTH DATA ELEMENTS

  • fixed length control field: 221202|| aca||aabn | a|a d

040 ## - CATALOGING SOURCE

  • Original cataloging agency: OSt
  • Transcribing agency: OSt

100 ## - HEADING--PERSONAL NAME

  • Personal name: AQUILA JABEEN, K. K
  • Personal name: HANAN SHANA, KAPPIL
  • Personal name: NOORBINA, RAZAK
  • Personal name: SHIFA RASHEED, V. R
  • Personal name: SIVAKUMAR, V

670 ## - SOURCE DATA FOUND

  • Source citation: Work cat.: (OSt)17605: AQUILA JABEEN, K. K HANAN SHANA, KAPPIL NOORBINA, RAZAK SHIFA RASHEED, V. R SIVAKUMAR, V, DEVELOPMENT AND QUALITY EVALUATION OF CAKE FORTIFIED WITH Moringa oleifera LEAF POWDER, 2022
free website counter